Ciudad de Buenos Aires I. (Record no. 478)

MARC details
000 -CABECERA
campo de control de longitud fija 00703nam a2200193 a 4500
001 - NÚMERO DE CONTROL
campo de control BRCA_547
005 - FECHA Y HORA DE LA ÚLTIMA TRANSACCIÓN
campo de control 20190320203046.0
008 - DATOS DE LONGITUD FIJA--INFORMACIÓN GENERAL
campo de control de longitud fija 940325s1998 ag-a---##d---f000-0cspa-#
040 ## - FUENTE DE LA CATALOGACIÓN
Centro catalogador/agencia de origen DLC
Centro/agencia transcriptor DLC
050 #4 - SIGNATURA TOPOGRÁFICA DE LA BIBLIOTECA DEL CONGRESO
Número de clasificación N6630
Número de documento/Ítem .C58 1998
245 10 - MENCIÓN DE TÍTULO
Título Ciudad de Buenos Aires I.
260 ## - PUBLICACIÓN, DISTRIBUCIÓN, ETC.
Lugar de publicación, distribución, etc. Buenos Aires
Nombre del editor, distribuidor, etc. Academia Nacional de Bellas Artes : Fondo Nacional de las Artes
Fecha de publicación, distribución, etc. 1998
300 ## - DESCRIPCIÓN FÍSICA
Extensión 437 p.
Otras características físicas il. (algunas a color)
Dimensiones 27 cm.
440 #0 - MENCIÓN DE SERIE/PUNTO DE ACCESO ADICIONAL--TÍTULO
Título Patrimonio artístico nacional : inventario de bienes muebles
9 (RLIN) 1831
500 ## - NOTA GENERAL
Nota general Incluye índice de nombres, temas, firmas, materias y topográfico e índice de objetos
650 14 - PUNTO DE ACCESO ADICIONAL DE MATERIA--TÉRMINO DE MATERIA
Término de materia o nombre geográfico como elemento de entrada Arte argentino
9 (RLIN) 1832
650 14 - PUNTO DE ACCESO ADICIONAL DE MATERIA--TÉRMINO DE MATERIA
Término de materia o nombre geográfico como elemento de entrada Arte colonial
Subdivisión geográfica Argentina
9 (RLIN) 1833
942 ## - ELEMENTOS DE PUNTO DE ACCESO ADICIONAL (KOHA)
Fuente del sistema de clasificación o colocación Library of Congress Classification
Tipo de ítem Koha Libros
Holdings
Estado de retiro Estado de pérdida Estado dañado No para préstamo Localización permanente Ubicación/localización actual Fecha de adquisición Total de préstamos Signatura topográfica completa Código de barras Fecha visto por última vez Precio válido a partir de Tipo de ítem Koha
El ejemplar forma parte de la colección y puede ser consultado según las políticas vigentes.       Biblioteca del Museo Franz Mayer (Rogerio Casas-Alatriste) Biblioteca del Museo Franz Mayer (Rogerio Casas-Alatriste) 25/06/2008   N6630 .C58 1998 00864 22/03/2019 22/03/2019 Libros